Non Me Lo So Spiegare - Tiziano Ferro - Testo Completo - Statistics

Statistiche generali
  • Questo quiz è stato fatto 301 volte
  • Il punteggio medio è 291 su 357
Statistiche sulle risposte
Risposta % Corretto
lo
98%
me
97%
no,
97%
No
97%
no
97%
so
97%
a
96%
di
94%
E
94%
è
94%
e
94%
non
94%
Non
94%
spiegare
93%
che
92%
Che
92%
Io
92%
ma
92%
Ma
92%
te,
92%
te
92%
la
90%
La
90%
ti
90%
Ti
90%
auto,
89%
fogli
89%
libri,
89%
giornale
88%
in
88%
mi
88%
Mi
88%
per
88%
se
88%
Na, na, na,
87%
na, na, na
87%
Na, na, na, na,
87%
na, na, na, na
87%
o
87%
Case,
85%
quanto
84%
inutile
83%
le
82%
anche
81%
farneticare
81%
niente
81%
pensavo
81%
permetto
81%
Solo
81%
solo
81%
son
81%
Un
81%
un
81%
viaggi,
81%
Come
80%
come
80%
Sì,
80%
mai
79%
può
79%
questo
79%
finire?
78%
inverno
78%
po'
78%
quando
78%
sognare
78%
stare
78%
tante
78%
bene
77%
da
77%
cose
76%
dirmi
76%
grande
76%
mani
76%
perlomeno
76%
ripeti
76%
tua
76%
tue
76%
schiena
75%
vuoi
75%
disturbare
74%
manca
74%
rivivo
74%
Scusa,
74%
scusa,
74%
valgo
74%
abbracci
73%
ammetto,
73%
bianca
73%
calde
73%
penso,
73%
l'aria
72%
più
72%
vorrei
72%
sai,
71%
credere
70%
hai
70%
camminare
69%
lasciarti
69%
tirava,
69%
Togli
69%
voglia,
69%
ricordi
68%
semplicemente
68%
sera
67%
tocchi
67%
mattina
66%
fermo
63%
girava,
63%
lui
63%
farò
62%
sempre
62%
simile,
61%
stava
61%
fissava
60%
piango
58%
quell'orologio
58%
scanso,
56%
luna
53%
piena
53%
notte
51%
ancora
49%
primavera
48%
fonda
47%
ci
46%
sarà
46%
l'amo
44%
l'atmosfera
44%
l'amavo
43%
regge
41%
così,
40%
aria
38%
offrivano
38%
sto
37%
dono
36%
Ogni
28%
dettaglio
24%
Nessun quiz corrispondente trovato
Distribuzione punteggi
Percentuale di utenti per punteggio
Percentile per numero di risposta
I tuoi punteggi nel tempo
Non hai fatto questo quiz